<?xml version="1.0" encoding="UTF-8"?>
<record
    xmlns:xsi="http://www.w3.org/2001/XMLSchema-instance"
    xsi:schemaLocation="http://www.loc.gov/MARC21/slim http://www.loc.gov/standards/marcxml/schema/MARC21slim.xsd"
    xmlns="http://www.loc.gov/MARC21/slim">

  <leader>01973nam a2200337 i 4500</leader>
  <controlfield tag="001">000000438236</controlfield>
  <controlfield tag="003">IT-MiSPE</controlfield>
  <controlfield tag="005">20200913110309.0</controlfield>
  <controlfield tag="008">190801s2019    it            000 ubita d</controlfield>
  <datafield tag="020" ind1=" " ind2=" ">
    <subfield code="a">9788810432198</subfield>
    <subfield code="c">25.00 EUR</subfield>
  </datafield>
  <datafield tag="040" ind1=" " ind2=" ">
    <subfield code="a">IT-MiSPE</subfield>
    <subfield code="b">ita</subfield>
    <subfield code="d">clb</subfield>
    <subfield code="e">rda</subfield>
    <subfield code="c">IT-MiSPE</subfield>
  </datafield>
  <datafield tag="041" ind1="0" ind2=" ">
    <subfield code="a">ita</subfield>
    <subfield code="a">grc</subfield>
  </datafield>
  <datafield tag="082" ind1=" " ind2=" ">
    <subfield code="a">227.092-ROS g&#xE9; pa (axa 23292)</subfield>
  </datafield>
  <datafield tag="100" ind1="1" ind2=" ">
    <subfield code="a">Ross&#xE9;, G&#xE9;rard,</subfield>
    <subfield code="c">sacerdote,</subfield>
    <subfield code="d">1937-,</subfield>
    <subfield code="e">autore.</subfield>
    <subfield code="9">58492</subfield>
  </datafield>
  <datafield tag="245" ind1="1" ind2="0">
    <subfield code="a">Paolo: profilo biografico e teologico /</subfield>
    <subfield code="c">G&#xE9;rard Ross&#xE9;.</subfield>
  </datafield>
  <datafield tag="264" ind1=" " ind2="1">
    <subfield code="a">Bologna :</subfield>
    <subfield code="b">EDB,</subfield>
    <subfield code="c">2019.</subfield>
  </datafield>
  <datafield tag="300" ind1=" " ind2=" ">
    <subfield code="a">280 p. ;</subfield>
    <subfield code="c">19,5 cm</subfield>
  </datafield>
  <datafield tag="336" ind1=" " ind2=" ">
    <subfield code="a">testo</subfield>
    <subfield code="b">txt</subfield>
    <subfield code="2">rdacontent</subfield>
  </datafield>
  <datafield tag="337" ind1=" " ind2=" ">
    <subfield code="a">senza mediazione</subfield>
    <subfield code="b">n</subfield>
    <subfield code="2">rdamedia</subfield>
  </datafield>
  <datafield tag="338" ind1=" " ind2=" ">
    <subfield code="a">volume</subfield>
    <subfield code="b">nc</subfield>
    <subfield code="2">rdacarrier</subfield>
  </datafield>
  <datafield tag="490" ind1="1" ind2=" ">
    <subfield code="a">Fondamenta</subfield>
  </datafield>
  <datafield tag="504" ind1=" " ind2=" ">
    <subfield code="a">Bibliografia alla fine dei capitoli</subfield>
  </datafield>
  <datafield tag="520" ind1=" " ind2=" ">
    <subfield code="a">Unica figura della Chiesa del primo secolo di cui abbiamo abbastanza elementi per tentare di scrivere una biografia, Paolo &#xE8; da molti considerato il vero fondatore del cristianesimo. &#xC8; colui che ha elaborato le basi teologiche dell&#x2019;universalismo e dell&#x2019;uscita dal giudaismo come sistema di salvezza basato sulla Legge di Mos&#xE8;. Le sue lettere, datate tra gli anni 50 e 55, quindi due decenni dopo la morte di Ges&#xF9;, sono inoltre gli unici scritti di cui conosciamo l&#x2019;autore. Esse costituiscono una testimonianza unica non solo del pensiero dell&#x2019;apostolo, ma anche della vita, dei problemi e dell&#x2019;organizzazione delle comunit&#xE0; cristiane della sua epoca e contengono un vero patrimonio storico di formule liturgiche, catechetiche e kerygmatiche degli inizi della Chiesa.</subfield>
  </datafield>
  <datafield tag="600" ind1="0" ind2="4">
    <subfield code="a">Paulus Apostolus,</subfield>
    <subfield code="c">santo.</subfield>
    <subfield code="9">57523</subfield>
  </datafield>
  <datafield tag="655" ind1=" " ind2="7">
    <subfield code="a">Sacra Scrittura. Studi sul Nuovo Testamento</subfield>
    <subfield code="x">Paolo: biografia.</subfield>
    <subfield code="2">local</subfield>
    <subfield code="9">57519</subfield>
  </datafield>
  <datafield tag="655" ind1=" " ind2="7">
    <subfield code="a">Sacra Scrittura. Studi sul Nuovo Testamento</subfield>
    <subfield code="x">Paolo: studi e teologia.</subfield>
    <subfield code="2">local</subfield>
    <subfield code="9">56750</subfield>
  </datafield>
  <datafield tag="830" ind1=" " ind2="0">
    <subfield code="a">Fondamenta [Edizioni Dehoniane].</subfield>
    <subfield code="9">58493</subfield>
  </datafield>
  <datafield tag="942" ind1=" " ind2=" ">
    <subfield code="2">ddc</subfield>
    <subfield code="c">BK</subfield>
  </datafield>
  <datafield tag="999" ind1=" " ind2=" ">
    <subfield code="c">358898</subfield>
    <subfield code="d">358898</subfield>
  </datafield>
  <datafield tag="952" ind1=" " ind2=" ">
    <subfield code="0">0</subfield>
    <subfield code="1">0</subfield>
    <subfield code="2">ddc</subfield>
    <subfield code="4">0</subfield>
    <subfield code="6">227_000000000000000_092ROS_G&#xC9;_PA_AXA_23292</subfield>
    <subfield code="7">1</subfield>
    <subfield code="a">CINISELLO</subfield>
    <subfield code="b">CINISELLO</subfield>
    <subfield code="d">2020-09-13</subfield>
    <subfield code="l">0</subfield>
    <subfield code="o">227.092-ROS g&#xE9; pa (axa 23292)</subfield>
    <subfield code="p">9788810432198</subfield>
    <subfield code="r">2020-09-13 00:00:00</subfield>
    <subfield code="w">2020-09-13</subfield>
    <subfield code="y">BK</subfield>
  </datafield>
</record>
